Filmographie Francis Ford Coppola - Statistiques

Statistiques générales
  • Ce quiz a été pris 80 fois
  • Le résultat moyen est 10 sur 24
Statistiques - réponses
Année Films % Correct
1972 Le Parrain
99%
1974 Le Parrain, 2e partie
99%
1990 Le Parrain, 3e partie
96%
1979 Apocalypse Now
87%
2024 Megalopolis
80%
1992 Dracula
71%
1974 Conversation secrète
61%
1983 Outsiders
39%
2011 Twixt
39%
1986 Peggy Sue s'est mariée
38%
1996 Jack
36%
2009 Tetro
36%
1982 Coup de cœur
32%
1983 Rusty James
32%
2007 L'Homme sans âge
26%
1984 Cotton Club
25%
1988 Tucker
23%
1963 Dementia 13
20%
1997 L'Idéaliste
20%
1987 Jardins de pierre
19%
1969 Les Gens de la pluie
13%
1968 La Vallée du bonheur
12%
1966 Big Boy
9%
1962 L'Ouest sauvage et nu
6%
Aucun quiz correspondant
Distribution des résultats
% des personnes avec chaque résultat
Percentile par nombre de réponses
Votre historique - résultats
Vous n’avez pas pris ce quiz